000 00433nam a2200157 a 4500
001 20906
005 20180713214550.0
008 140415s1971 ag 000 0 spa d
041 _aspa
082 _a371.2
_bEMP
245 0 3 _aEL EMPLEO DE LA SIMULACION EN LA ADMINISTRACION EDUCAC...
250 _a1a ed.
260 _aARGENTINA :
_bPAIDOS,
_c1971
300 _a274
650 1 4 _aADMINISTRACION ESCOLAR
_xPEDAGOGIA
999 _c20906
_d20906